Normal view
MARC view
Entry Personal Name
001 - CONTROL NUMBER
- control field: 1377994
003 - CONTROL NUMBER IDENTIFIER
- control field:
005 - DATE AND TIME OF LATEST TRANSACTION
- control field: 20210701074036.0
008 - FIXED-LENGTH DATA ELEMENTS
- fixed length control field: 210701|| aca||aabn | a|a d
040 ## - CATALOGING SOURCE
- Original cataloging agency:
- Transcribing agency:
100 ## - HEADING--PERSONAL NAME
- Personal name: ਆਇਤਮਾਤੋਵ, ਚੰਗੇਜ਼
- Dates associated with a name: 1928-2008
670 ## - SOURCE DATA FOUND
- Source citation: Work cat.: ()1483158: 880-01 ਆਇਤਮਾਤੋਵ, ਚੰਗੇਜ਼ 1928-2008, ਪਹਿਲਾ ਅਧਿਆਪਕ, 2018
